SAMPLE TEST ITEMS IN PHYSICS (Record no. 3103)

MARC details
000 -LEADER
fixed length control field 00433nam a2200205Ia 4500
001 - CONTROL NUMBER
control field 003906
003 - CONTROL NUMBER IDENTIFIER
control field YMCAF
005 - DATE AND TIME OF LATEST TRANSACTION
control field 20230512160238.0
008 - FIXED-LENGTH DATA ELEMENTS--GENERAL INFORMATION
fixed length control field 100717s1974 ||||||||||||||||| ||und|d
024 ## - OTHER STANDARD IDENTIFIER
Standard number or code 3906
035 ## - SYSTEM CONTROL NUMBER
System control number 3911
040 ## - CATALOGING SOURCE
Original cataloging agency YMCAF
Language of cataloging eng
Transcribing agency IN-KoLT
041 ## - LANGUAGE CODE
Language code of text/sound track or separate title eng
082 ## - DEWEY DECIMAL CLASSIFICATION NUMBER
Classification number SAM-CUP
100 ## - MAIN ENTRY--PERSONAL NAME
Personal name CURRICULUM DEV
245 #0 - TITLE STATEMENT
Title SAMPLE TEST ITEMS IN PHYSICS
260 ## - PUBLICATION, DISTRIBUTION, ETC.
Date of publication, distribution, etc. 1974
300 ## - PHYSICAL DESCRIPTION
Extent 0
942 ## - ADDED ENTRY ELEMENTS (KOHA)
Source of classification or shelving scheme Dewey Decimal Classification
Koha item type Books
Holdings
Withdrawn status Lost status Damaged status Not for loan Home library Current library Date acquired Total Checkouts Barcode Date last seen Price effective from Koha item type Public note G Cost, normal purchase price Cost, replacement price
        JC Bose University of Science & Technology JC Bose University of Science & Technology 17/07/2010   5491 12/05/2023 12/05/2023 Books C Donation    
        JC Bose University of Science & Technology JC Bose University of Science & Technology 17/07/2010   3911 12/05/2023 12/05/2023 Books C   3.00 3.00
Withdrawn       JC Bose University of Science & Technology JC Bose University of Science & Technology 17/07/2010   3914 12/05/2023 12/05/2023 Books C